| 000 | 00533nam a22001937a 4500 | ||
|---|---|---|---|
| 003 | KOHA_MİRAKIL | ||
| 005 | 20251022152924.0 | ||
| 008 | 251022b tu ||||| |||| 00| 0 tur d | ||
| 020 | _a9752890571 | ||
| 040 |
_aTR-AnABB _btur _cTR-AnABB |
||
| 041 | _atur | ||
| 082 |
_a813.42 _bUZU 2002 |
||
| 100 | 1 | _aUzuner, Buket, | |
| 245 | 1 | 0 |
_aBalık İzlerinin Sesi / _cBuket Uzuner |
| 260 |
_aİstanbul : _bEverest Yayınları , _c2002 |
||
| 300 |
_a214 sayfa ; _c18 cm |
||
| 650 | 0 | 4 | _aTürk edebiyatı, roman |
| 942 |
_2ddc _cBK |
||
| 999 |
_c9194 _d9194 |
||
| 900 | _bGizem YORULMAZ | ||